[Event "Ghent op 46th"]
[Site "Ghent"]
[Date "2025.07.22"]
[Round "8"]
[White "Ghyselen, Wouter"]
[Black "Bekker, Stefan"]
[Result "0-1"]
[WhiteElo "2083"]
[BlackElo "2386"]
[PlyCount "176"]
[EventDate "2025.07.19"]
[EventType "swiss"]
[EventRounds "9"]
[EventCountry "BEL"]
[SourceTitle "CB30_2025"]
[SourceDate "2025.07.23"]
[SourceVersion "1"]
[SourceVersionDate "2025.07.23"]
[SourceQuality "1"]

1. e4 c5 2. Nf3 d6 3. d4 cxd4 4. Qxd4 Nc6 5. Qe3 g6 6. Nc3 Bg7 7. Be2 Nf6 8. 0-0 Bd7 9. h3 Rc8 10. Rd1 Qc7 11. Qf4 0-0 12. Qh4 Rfe8 13. Be3 Qa5 14. a3 a6 15. Rac1 Ne5 16. Nxe5 Qxe5 17. Bd4 g5 18. Bxe5 gxh4 19. Bd4 Bh6 20. Rb1 e5 21. Be3 Bxe3 22. fxe3 Rc6 23. Rf1 Kg7 24. Rbd1 Be6 25. Bd3 Nh5 26. Rf2 Ng3 27. Ne2 Nxe2+ 28. Rxe2 Rb6 29. b3 Rc8 30. Kf2 Kf6 31. Ke1 Ke7 32. Rf2 Rbc6 33. Ra1 a5 34. a4 Rg8 35. Kd2 Rg3 36. Re1 h6 37. Rh1 Rc8 38. Re1 Rcg8 39. Ree2 d5 40. exd5 Bxd5 41. e4 Be6 42. Bb5 Rd8+ 43. Kc1 Rd4 44. Kb2 b6 45. Bd3 f6 46. Re1 Rb4 47. Rd2 Rd4 48. Rf2 Bd7 49. Ree2 Be8 50. Re1 Bc6 51. Ree2 Rd8 52. Kc1 Rdg8 53. Kd2 Be8 54. Kc1 Bh5 55. Rd2 Rc8 56. Kb2 Re3 57. Kb1 Rd8 58. Kb2 Rd4 59. Kb1 Re1+ 60. Kb2 Rd6 61. Ka2 Re3 62. Kb2 Bf7 63. Rde2 Rxe2 64. Rxe2 Rd4 65. Kc3 Kf8 66. Kd2 Rd8 67. Ke3 Ke7 68. Rd2 Be6 69. Bf1 Rxd2 70. Kxd2 f5 71. Bd3 Kd6 72. Ke3 fxe4 73. Bxe4 Kc5 74. Kd3 Kb4 75. Kd2 Bc8 76. Kd3 Ba6+ 77. Kd2 Ka3 78. Kc3 Ka2 79. Bc6 Kb1 80. Kd2 Kb2 81. Be4 Bc8 82. Kd3 Be6 83. Kd2 Bf7 84. Kd3 Kc1 85. Ke2 Bh5+ 86. Kd3 Bd1 87. Kc3 Be2 88. Bf3 Bf1 0-1

[Event "Ghent op 46th"]
[Site "Ghent"]
[Date "2025.07.20"]
[Round "4"]
[White "Liu, Jason1"]
[Black "Bekker, Stefan"]
[Result "1/2-1/2"]
[WhiteElo "2125"]
[BlackElo "2386"]
[PlyCount "118"]
[EventDate "2025.07.19"]
[EventType "swiss"]
[EventRounds "9"]
[EventCountry "BEL"]
[SourceTitle "CB30_2025"]
[SourceDate "2025.07.23"]
[SourceVersion "1"]
[SourceVersionDate "2025.07.23"]
[SourceQuality "1"]

1. e4 e5 2. Nf3 Nc6 3. Bc4 Nf6 4. d3 Bc5 5. c3 a6 6. Bb3 Ba7 7. 0-0 d6 8. Nbd2 0-0 9. Re1 Ng4 10. Re2 Kh8 11. Nf1 f5 12. exf5 Bxf5 13. h3 Nh6 14. Bd5 Qd7 15. Kh2 Ng8 16. Ng3 Nge7 17. Nxf5 Nxd5 18. Ng3 Nf4 19. Bxf4 Rxf4 20. Qd2 Raf8 21. Rae1 Qf7 22. b3 b5 23. b4 h6 24. Re4 Rxf3 25. gxf3 Qxf3 26. Rf1 Ne7 27. Qe2 Nd5 28. c4 Nc3 29. Qxf3 Rxf3 30. Rg4 Bd4 31. cxb5 axb5 32. Nh5 Rf7 33. a3 c5 34. Kg2 Nd5 35. Rg6 Rd7 36. bxc5 dxc5 37. Kh1 Nf4 38. Nxf4 exf4 39. Ra6 Bc3 40. Rb6 b4 41. axb4 cxb4 42. Rd1 f3 43. d4 Rd5 44. Rd3 Kh7 45. Rc6 Kg8 46. Rcxc3 bxc3 47. Rxc3 Rxd4 48. Rxf3 Rd7 49. Kg2 Rf7 50. Rb3 Rf6 51. Rb4 Rg6+ 52. Kf3 Rg1 53. Rb5 Kh7 54. Ra5 Kg6 55. Kf4 Rg2 56. f3 h5 57. h4 Kh6 58. Rb5 g6 59. Ra5 Rg1 1/2-1/2

[Event "Ghent op 46th"]
[Site "Ghent"]
[Date "2025.07.19"]
[Round "1"]
[White "Bekker, Stefan"]
[Black "Blommaert, Robin"]
[Result "1-0"]
[WhiteElo "2386"]
[BlackElo "1842"]
[PlyCount "27"]
[EventDate "2025.07.19"]
[EventType "swiss"]
[EventRounds "9"]
[EventCountry "BEL"]
[SourceTitle "CB30_2025"]
[SourceDate "2025.07.23"]
[SourceVersion "1"]
[SourceVersionDate "2025.07.23"]
[SourceQuality "1"]

1. Nf3 d5 2. g3 Nf6 3. Bg2 Bf5 4. c4 d4 5. d3 Nc6 6. b4 a6 7. Bb2 Nxb4 8. Qa4+ Nc6 9. Nxd4 Bd7 10. Nxc6 Bxc6 11. Bxc6+ bxc6 12. Bxf6 exf6 13. Qxc6+ Ke7 14. Nc3 1-0

[Event "Reykjavik op"]
[Site "Reykjavik"]
[Date "2025.04.13"]
[Round "7"]
[White "Bekker, Stefan"]
[Black "Kunin, Vitaly L"]
[Result "1-0"]
[WhiteElo "2358"]
[BlackElo "2522"]
[PlyCount "155"]
[EventDate "2025.04.09"]
[EventType "swiss"]
[EventRounds "9"]
[EventCountry "ISL"]
[SourceTitle "CB17_2025"]
[SourceDate "2025.04.23"]
[SourceVersion "1"]
[SourceVersionDate "2025.04.23"]
[SourceQuality "1"]

1. e4 c5 2. Nf3 Nc6 3. Bb5 d6 4. 0-0 Bd7 5. c3 Nf6 6. Re1 a6 7. Bf1 Bg4 8. h3 Bxf3 9. Qxf3 g6 10. d3 Bg7 11. Nd2 0-0 12. Qd1 b5 13. Nf3 e5 14. Be3 Re8 15. Qc2 Rc8 16. a3 h6 17. Rad1 Nd4 18. Nxd4 cxd4 19. Bd2 Nd7 20. Qb1 dxc3 21. Bxc3 Nc5 22. g3 h5 23. h4 Rc6 24. Bd2 Nb3 25. Be3 a5 26. d4 exd4 27. Bxb5 dxe3 28. Rxe3 Nd4 29. Rxd4 Rc5 30. Rxd6 Qxd6 31. Bxe8 Qd8 32. b4 axb4 33. axb4 Rc7 34. Ba4 Qd2 35. Qb3 Bd4 36. Rf3 Qe1+ 37. Kg2 Qxe4 38. Bb5 Bc3 39. Be8 Bf6 40. b5 Re7 41. Bc6 Qd4 42. b6 Be5 43. b7 Bb8 44. Be8 Qg7 45. Bc6 Kh7 46. Bd5 f5 47. Qc3 Rd7 48. Qc4 Qe5 49. Rd3 Kg7 50. Qd4 Qxd4 51. Rxd4 Kf6 52. f4 Ke7 53. Rd3 Kd8 54. Kf3 Rd6 55. Ke2 Kc7 56. Rc3+ Kb6 57. Bf3 Re6+ 58. Kf1 Rd6 59. Rc8 Ka7 60. Rc6 Rxc6 61. Bxc6 Kb6 62. Bd5 Kc7 63. Kg2 Ba7 64. Kf3 Bg1 65. Bf7 Kxb7 66. Bxg6 Kc6 67. Bxf5 Bd4 68. Bg6 Bc3 69. Bxh5 Be1 70. Bf7 Kd6 71. h5 Ke7 72. Bb3 Kf6 73. g4 Bh4 74. Bc2 Kf7 75. h6 Be1 76. g5 Bc3 77. Kg4 Kg8 78. g6 1-0

[Event "Reykjavik op"]
[Site "Reykjavik"]
[Date "2025.04.13"]
[Round "6"]
[White "Nguyen, Paul1"]
[Black "Bekker, Stefan"]
[Result "0-1"]
[WhiteElo "1936"]
[BlackElo "2358"]
[PlyCount "70"]
[EventDate "2025.04.09"]
[EventType "swiss"]
[EventRounds "9"]
[EventCountry "ISL"]
[SourceTitle "CB17_2025"]
[SourceDate "2025.04.23"]
[SourceVersion "1"]
[SourceVersionDate "2025.04.23"]
[SourceQuality "1"]

1. d4 Nf6 2. c4 e6 3. Nf3 Bb4+ 4. Nbd2 d5 5. Qa4+ Nc6 6. e3 a5 7. a3 Be7 8. Qc2 a4 9. Bd3 Bd7 10. 0-0 Na5 11. Ne5 dxc4 12. Ndxc4 Nb3 13. Rb1 0-0 14. Rd1 Bb5 15. Nd2 Bxd3 16. Nxd3 Qd5 17. Nxb3 axb3 18. Qe2 Qb5 19. Bd2 b6 20. Nc1 Qxe2 21. Nxe2 c5 22. Rbc1 Rfc8 23. dxc5 bxc5 24. Nc3 c4 25. Be1 Ng4 26. Rd4 Ne5 27. Rcd1 Nd3 28. R1xd3 cxd3 29. Rxd3 Rd8 30. Rxd8+ Rxd8 31. Kf1 Bxa3 32. bxa3 b2 33. Ke2 Rc8 34. Nb1 Rc1 35. Nd2 Rc2 0-1

[Event "Reykjavik op"]
[Site "Reykjavik"]
[Date "2025.04.09"]
[Round "1"]
[White "Bekker, Stefan"]
[Black "De Seroux, Camille"]
[Result "1-0"]
[WhiteElo "2358"]
[BlackElo "2049"]
[PlyCount "113"]
[EventDate "2025.04.09"]
[EventType "swiss"]
[EventRounds "9"]
[EventCountry "ISL"]
[SourceTitle "CB17_2025"]
[SourceDate "2025.04.23"]
[SourceVersion "1"]
[SourceVersionDate "2025.04.23"]
[SourceQuality "1"]

1. Nf3 Nc6 2. d4 d6 3. d5 Ne5 4. Nc3 Nf6 5. e4 e6 6. Nxe5 dxe5 7. Bb5+ Bd7 8. dxe6 Bxb5 9. Qxd8+ Rxd8 10. Nxb5 fxe6 11. f3 c6 12. Nc3 Bc5 13. Ke2 Kf7 14. Na4 Be7 15. Be3 b6 16. Rad1 Rxd1 17. Rxd1 Rd8 18. Rxd8 Bxd8 19. b3 Ne8 20. Nb2 Nd6 21. Nd3 Bf6 22. a4 c5 23. Nb2 Ke7 24. Kd3 Kd7 25. c3 Kc6 26. g3 g5 27. Nd1 a6 28. Nf2 Nf7 29. Bc1 Bg7 30. Ng4 b5 31. axb5+ axb5 32. c4 bxc4+ 33. Kxc4 h6 34. Bb2 h5 35. Ne3 Nd6+ 36. Kd3 Kb5 37. Bc3 Bh8 38. Nc4 Nxc4 39. bxc4+ Kc6 40. h3 Bf6 41. Kc2 Kd6 42. Kb3 Kc6 43. Ka4 Kb6 44. Bd2 Be7 45. Ba5+ Ka6 46. Bc7 Bf6 47. Bd6 Kb6 48. Bf8 Kc6 49. Ka5 Bd8+ 50. Ka6 Bf6 51. Ka7 Bd8 52. Bg7 Kd6 53. Kb7 Be7 54. Kc8 g4 55. fxg4 hxg4 56. h4 Kc6 57. h5 1-0

[Event "Ghent op 45th"]
[Site "Ghent"]
[Date "2024.07.21"]
[Round "3"]
[White "Bekker, Stefan"]
[Black "Liefrink, Feike"]
[Result "1-0"]
[WhiteElo "2313"]
[BlackElo "2028"]
[PlyCount "105"]
[EventDate "2024.07.20"]
[EventType "swiss"]
[EventRounds "9"]
[EventCountry "BEL"]
[SourceTitle "CBM 221 Extra"]
[Source "ChessBase"]
[SourceDate "2024.09.30"]
[SourceVersion "1"]
[SourceVersionDate "2024.09.30"]
[SourceQuality "1"]

1. Nf3 d5 2. c4 e6 3. g3 Nf6 4. Bg2 Be7 5. 0-0 0-0 6. d4 dxc4 7. Na3 c5 8. Nxc4 Nc6 9. dxc5 Qxd1 10. Rxd1 Bxc5 11. a3 Ne4 12. Be3 Bxe3 13. Nxe3 Nf6 14. Nc4 b5 15. Nfe5 Nxe5 16. Nxe5 Rb8 17. Nc6 Rb7 18. Rac1 Rc7 19. Ne5 Rxc1 20. Rxc1 a6 21. Rc7 Nd5 22. Bxd5 exd5 23. f3 Re8 24. Kf2 f6 25. Nc6 Kf8 26. Nb4 d4 27. Rc5 Be6 28. Nc6 d3 29. exd3 Bf7 30. d4 Bc4 31. Na5 Re2+ 32. Kf1 Rxh2+ 33. Nxc4 bxc4 34. Rxc4 Rxb2 35. Ra4 Rb6 36. Ke2 Ke7 37. Ke3 Kd6 38. Ke4 g6 39. g4 Ke6 40. Ra5 Rd6 41. d5+ Kd7 42. Kd4 Kc7 43. Rc5+ Kb7 44. f4 h5 45. g5 fxg5 46. fxg5 Rd8 47. Ke5 h4 48. d6 h3 49. Rc2 Rh8 50. d7 Kb8 51. Ke6 Kb7 52. Kf6 Rd8 53. Ke7 1-0

[Event "Tata Steel Tienkamp"]
[Site "Wijk aan Zee"]
[Date "2024.01.19"]
[Round "1"]
[White "Pastar, Slaven"]
[Black "Bekker, Stefan"]
[Result "1-0"]
[WhiteElo "2343"]
[BlackElo "2274"]
[PlyCount "101"]
[EventDate "2024.01.19"]
[EventType "tourn"]
[EventRounds "9"]
[EventCountry "NED"]
[EventCategory "6"]
[SourceTitle "CBM 218 Extra"]
[Source "ChessBase"]
[SourceDate "2024.03.31"]
[SourceVersion "1"]
[SourceVersionDate "2024.03.31"]
[SourceQuality "1"]

1. e4 c5 2. Nf3 d6 3. Bb5+ Nd7 4. d4 cxd4 5. Qxd4 a6 6. Bxd7+ Bxd7 7. c4 e5 8. Qd3 h6 9. Nc3 Nf6 10. 0-0 Be7 11. Rd1 0-0 12. a4 Bg4 13. b3 Qc8 14. h3 Bh5 15. Ba3 Re8 16. Rd2 Qc6 17. Ne1 Bg6 18. Re2 Nh5 19. g3 Qc8 20. Kh2 f5 21. Ng2 fxe4 22. Nxe4 Qe6 23. Ne3 Nf6 24. f3 Rf8 25. Nd5 Nxd5 26. cxd5 Qd7 27. Rc1 Rf7 28. Rc3 Raf8 29. Rf2 Bd8 30. Qe2 Be7 31. Kg2 Bf5 32. h4 Bg6 33. Rf1 Bh5 34. Nd2 Rf6 35. g4 Bg6 36. h5 Bh7 37. Bc1 Rf4 38. Nc4 Rxf3 39. Rfxf3 Qxg4+ 40. Kf1 Qh3+ 41. Qg2 Qxh5 42. Rxf8+ Bxf8 43. Qf3 Qh4 44. Nxd6 Qe7 45. Ba3 e4 46. Qf2 Qd7 47. Rc8 Qh3+ 48. Ke1 Qh1+ 49. Kd2 e3+ 50. Kxe3 Qh3+ 51. Qf3 1-0

[Event "Maastricht Limburg op 15th"]
[Site "Maastricht"]
[Date "2023.05.28"]
[Round "4"]
[White "Bekker, Stefan"]
[Black "Dardha, Daniel"]
[Result "0-1"]
[WhiteElo "2274"]
[BlackElo "2631"]
[PlyCount "72"]
[EventDate "2023.05.26"]
[EventType "swiss"]
[EventRounds "7"]
[EventCountry "NED"]
[SourceTitle "CBM 214 Extra"]
[Source "ChessBase"]
[SourceDate "2023.07.31"]
[SourceVersion "1"]
[SourceVersionDate "2023.07.31"]
[SourceQuality "1"]

1. e4 c5 2. Nc3 Nc6 3. g3 g6 4. Bg2 Bg7 5. d3 e6 6. Be3 b6 7. Nge2 Nge7 8. 0-0 Ba6 9. Qd2 0-0 10. Bh6 d5 11. Bxg7 Kxg7 12. exd5 exd5 13. Nf4 d4 14. Ncd5 Nxd5 15. Bxd5 Qd6 16. Rfe1 Rae8 17. Bg2 Bc8 18. Kf1 Ne5 19. h3 Bd7 20. Ne2 Bc6 21. Ng1 Bxg2+ 22. Kxg2 Qd5+ 23. Kh2 h5 24. Rf1 Rh8 25. f3 Qd6 26. Kg2 Nc6 27. Rae1 Ne7 28. Qf4 Qxf4 29. gxf4 Nd5 30. Rxe8 Rxe8 31. Rc1 Nxf4+ 32. Kg3 g5 33. h4 f6 34. Rb1 a5 35. a3 Kg6 36. Ra1 Kf5 0-1

[Event "Bruges Masters"]
[Site "Bruges"]
[Date "2019.08.11"]
[Round "1"]
[White "Cocquyt, Tijs"]
[Black "Bekker, Stefan"]
[Result "0-1"]
[WhiteElo "2114"]
[BlackElo "2272"]
[PlyCount "147"]
[EventDate "2019.08.11"]
[EventType "swiss"]
[EventRounds "9"]
[EventCountry "BEL"]
[SourceTitle "CBM 191 Extra"]
[Source "ChessBase"]
[SourceDate "2019.09.30"]
[SourceVersion "1"]
[SourceVersionDate "2019.09.30"]
[SourceQuality "1"]

1. d4 Nf6 2. Bg5 c6 3. Bxf6 exf6 4. e3 Qb6 5. b3 d5 6. Bd3 g6 7. Ne2 Bg7 8. 0-0 0-0 9. Nd2 Bg4 10. c4 Re8 11. Qc2 Na6 12. a3 Bxe2 13. Bxe2 dxc4 14. bxc4 c5 15. d5 Nc7 16. Bf3 Rab8 17. Rab1 Qa6 18. Ne4 b6 19. Nd6 Red8 20. Nb5 Nxb5 21. cxb5 Qa5 22. a4 f5 23. Rfd1 Rd6 24. Rbc1 h5 25. e4 f4 26. Qd2 Qxd2 27. Rxd2 Be5 28. Be2 Re8 29. Bc4 Kg7 30. Ra2 g5 31. Kf1 g4 32. f3 Bd4 33. Rcc2 Kf6 34. Re2 Ke5 35. a5 Rg6 36. Ke1 Be3 37. Kd1 gxf3 38. gxf3 Reg8 39. axb6 axb6 40. Re1 Kd4 41. Bf1 Rg1 42. Ra4+ Ke5 43. Ra2 Rh1 44. Bc4 Rgg1 45. Rxg1 Rxg1+ 46. Kc2 Kd4 47. Bb3 c4 48. Ra4 Rc1+ 49. Kb2 Kc5 50. Bc2 Rg1 51. Bb1 Bd4+ 52. Kc2 Rg2+ 53. Kc1 Be3+ 54. Kd1 Kxb5 55. Ra2 Rg1+ 56. Kc2 Kb4 57. d6 Rc1+ 58. Kb2 c3+ 59. Ka1 Rd1 60. h4 Bd4 61. Rc2 Be5 62. Ka2 b5 63. Rg2 Rxd6 64. Bc2 Ra6+ 65. Kb1 Kc4 66. Rg8 Rc6 67. Rd8 Bd4 68. Bd1 Kd3 69. Bc2+ Ke3 70. Ka2 Rc4 71. Kb3 Kxf3 72. Bd3 c2 73. Bxc2 Ke3 74. Bd1 0-1

[Event "Leiden Noteboom Memorial 79th"]
[Site "Leiden"]
[Date "2019.02.22"]
[Round "1"]
[White "Van der Leij, Arjan GC"]
[Black "Bekker, Stefan"]
[Result "0-1"]
[WhiteElo "2040"]
[BlackElo "2257"]
[PlyCount "94"]
[EventDate "2019.02.22"]
[EventType "swiss"]
[EventRounds "6"]
[EventCountry "NED"]
[SourceTitle "CBM 189 Extra"]
[Source "ChessBase"]
[SourceDate "2019.05.31"]
[SourceVersion "1"]
[SourceVersionDate "2019.05.31"]
[SourceQuality "1"]

1. e4 c5 2. c3 g6 3. d4 cxd4 4. cxd4 d5 5. exd5 Nf6 6. Nc3 Nxd5 7. Bc4 Nb6 8. Bb3 Bg7 9. Nge2 Nc6 10. Be3 Na5 11. 0-0 0-0 12. Nf4 Nbc4 13. Qe2 Nxb3 14. axb3 Nd6 15. Rfd1 b6 16. Nd3 Bb7 17. Nc5 bxc5 18. dxc5 Re8 19. cxd6 exd6 20. Qb5 Qe7 21. Rxa7 Rxa7 22. Bxa7 Bc6 23. Qa6 Qd7 24. Be3 Bxc3 25. bxc3 Qg4 26. Qf1 Bxg2 27. Qxg2 Qxd1+ 28. Qf1 Qxb3 29. Bd4 Qe6 30. Qd3 Qg4+ 31. Qg3 Qxg3+ 32. hxg3 h6 33. Kg2 g5 34. Kf3 Kh7 35. Bf6 Kg6 36. Bd4 f5 37. Bb6 g4+ 38. Kg2 f4 39. gxf4 Kf5 40. Bc7 Rc8 41. Bxd6 Rxc3 42. Be5 Rb3 43. Bd6 h5 44. Bc7 h4 45. Bd6 Rb2 46. Kg1 Ke4 47. Be5 Rc2 0-1

[Event "Maastricht Limburg op 12th"]
[Site "Maastricht"]
[Date "2018.05.18"]
[Round "1"]
[White "Bekker, Stefan"]
[Black "Nasuta, Grzegorz"]
[Result "0-1"]
[WhiteElo "2257"]
[BlackElo "2482"]
[PlyCount "60"]
[EventDate "2018.05.18"]
[EventType "swiss"]
[EventRounds "7"]
[EventCountry "NED"]
[SourceTitle "CBM 184 Extra"]
[Source "ChessBase"]
[SourceDate "2018.06.28"]
[SourceVersion "1"]
[SourceVersionDate "2018.06.28"]
[SourceQuality "1"]

1. e4 c5 2. Nf3 d6 3. Nc3 a6 4. Be2 b5 5. d4 cxd4 6. Nxd4 e6 7. Bf3 Bb7 8. 0-0 Nd7 9. a4 b4 10. Na2 Ne5 11. Nxb4 d5 12. c3 dxe4 13. Be2 Bd6 14. a5 Nf6 15. Qa4+ Nfd7 16. Rd1 Qc7 17. h3 0-0 18. Be3 Nc5 19. Qc2 Qe7 20. Nb3 Nxb3 21. Qxb3 f5 22. g3 Ng6 23. Bc4 f4 24. Bxe6+ Kh8 25. gxf4 Bxf4 26. Bg4 Bxe3 27. fxe3 Bc8 28. Qd5 Bxg4 29. hxg4 Ne5 30. Kg2 Nxg4 0-1

[Event "Delft Prinsenstad op 11th"]
[Site "Delft"]
[Date "2018.03.31"]
[Round "3"]
[White "Arnaudov, Petar G"]
[Black "Bekker, Stefan"]
[Result "1/2-1/2"]
[WhiteElo "2449"]
[BlackElo "2273"]
[PlyCount "30"]
[EventDate "2018.03.30"]
[EventType "swiss"]
[EventRounds "6"]
[EventCountry "NED"]
[SourceTitle "CBM 183 Extra"]
[Source "ChessBase"]
[SourceDate "2018.04.19"]
[SourceVersion "1"]
[SourceVersionDate "2018.04.19"]
[SourceQuality "1"]

1. Nf3 Nf6 2. c4 g6 3. Nc3 c5 4. d4 cxd4 5. Nxd4 Nc6 6. e4 d6 7. Be2 Nxd4 8. Qxd4 Bg7 9. Be3 0-0 10. Qd2 a5 11. 0-0 a4 12. Rac1 Be6 13. c5 dxc5 14. Qxd8 Rfxd8 15. Bxc5 Rd2 1/2-1/2

[Event "Tata Steel TOP 80th"]
[Site "Wijk aan Zee"]
[Date "2018.01.26"]
[Round "7"]
[White "Bekker, Stefan"]
[Black "Salimova, Nurgyul"]
[Result "1-0"]
[WhiteElo "2273"]
[BlackElo "2265"]
[PlyCount "65"]
[EventDate "2018.01.19"]
[EventType "tourn"]
[EventRounds "9"]
[EventCountry "NED"]
[EventCategory "6"]
[SourceTitle "CBM 182 Extra"]
[Source "ChessBase"]
[SourceDate "2018.02.23"]
[SourceVersion "1"]
[SourceVersionDate "2018.02.23"]
[SourceQuality "1"]

1. e4 e5 2. f4 d5 3. exd5 e4 4. d3 Nf6 5. dxe4 Nxe4 6. Nf3 Bc5 7. Qe2 Bf5 8. Nc3 Qe7 9. Be3 Nxc3 10. Bxc5 Nxe2 11. Bxe7 Nxf4 12. Ba3 Nd7 13. 0-0-0 0-0-0 14. Rd4 Ng6 15. g4 Bxg4 16. Rxg4 Nf6 17. Rd4 Rxd5 18. Rxd5 Nxd5 19. Bc4 Ngf4 20. Re1 f6 21. Bxd5 Nxd5 22. c4 Nf4 23. Re7 Rg8 24. Nd4 Ng6 25. Nf5 Rd8 26. Rxg7 Ne5 27. Ne7+ Kb8 28. b3 Nd3+ 29. Kb1 Ne1 30. Nd5 c6 31. Bd6+ Kc8 32. Rc7+ Kb8 33. Rxh7+ 1-0

[Event "Tata Steel TOP 80th"]
[Site "Wijk aan Zee"]
[Date "2018.01.19"]
[Round "1"]
[White "Kuipers, Stefan"]
[Black "Bekker, Stefan"]
[Result "1-0"]
[WhiteElo "2468"]
[BlackElo "2273"]
[PlyCount "77"]
[EventDate "2018.01.19"]
[EventType "tourn"]
[EventRounds "9"]
[EventCountry "NED"]
[EventCategory "6"]
[SourceTitle "CBM 182 Extra"]
[Source "ChessBase"]
[SourceDate "2018.02.23"]
[SourceVersion "1"]
[SourceVersionDate "2018.02.23"]
[SourceQuality "1"]

1. e4 c5 2. Nf3 d6 3. d4 cxd4 4. Nxd4 Nf6 5. Nc3 a6 6. Be2 e5 7. Nf3 Be7 8. Bg5 Be6 9. Bxf6 Bxf6 10. 0-0 Nc6 11. Nd5 0-0 12. c3 Ne7 13. Bc4 Nxd5 14. Bxd5 Qb6 15. Qb3 Qxb3 16. Bxb3 Rfc8 17. Rfd1 Rc6 18. Bd5 Rb6 19. b3 a5 20. Nd2 Bxd5 21. exd5 a4 22. Nc4 Rba6 23. b4 b5 24. Na5 e4 25. Rac1 Bd8 26. Nc6 Bb6 27. c4 Re8 28. c5 Bc7 29. Nd4 dxc5 30. bxc5 Bf4 31. Rb1 e3 32. c6 b4 33. Rxb4 Ra5 34. Ne2 Bd6 35. Rc4 exf2+ 36. Kxf2 Rb5 37. c7 Rc8 38. Rc6 Bxc7 39. Rdc1 1-0

[Event "BEL-chT 1617"]
[Site "Belgium"]
[Date "2017.04.30"]
[Round "11.6"]
[White "Dgebuadze, Alexandre"]
[Black "Bekker, Stefan"]
[Result "1-0"]
[WhiteElo "2499"]
[BlackElo "2313"]
[PlyCount "87"]
[EventDate "2016.10.02"]
[EventType "team-tourn"]
[EventRounds "11"]
[EventCountry "BEL"]
[SourceTitle "EXT 2018"]
[Source "ChessBase"]
[SourceDate "2017.10.13"]
[SourceVersion "1"]
[SourceVersionDate "2017.10.13"]
[SourceQuality "1"]
[WhiteTeam "Wirtzfeld"]
[BlackTeam "Borgerhout"]
[WhiteTeamCountry "BEL"]
[BlackTeamCountry "BEL"]

1. e4 c5 2. Nc3 a6 3. Nge2 d6 4. g3 Nf6 5. Bg2 g6 6. d3 Bg7 7. h3 Nc6 8. Be3 Bd7 9. Qd2 0-0 10. Bh6 Bxh6 11. Qxh6 Nd4 12. Qd2 Rc8 13. Nxd4 cxd4 14. Ne2 Qb6 15. c3 dxc3 16. Nxc3 Bc6 17. 0-0 Rfd8 18. Rae1 Nd7 19. Kh2 Qd4 20. f4 Nc5 21. Re3 Na4 22. Nd1 Bb5 23. f5 Rc5 24. Rf4 Re5 25. b3 Nc5 26. Nc3 Nd7 27. Ne2 Qb6 28. Rf2 Bc6 29. d4 Ra5 30. Nc3 Nf6 31. g4 d5 32. b4 Ra3 33. Nxd5 Bxd5 34. Rxa3 Bxe4 35. fxg6 hxg6 36. g5 Rxd4 37. Qe3 Nd5 38. Qg3 Bxg2 39. Kxg2 Qe6 40. Raf3 Qe4 41. Kh2 e5 42. Rxf7 Nf4 43. Qb3 Qd3 44. R7xf4+ 1-0

[Event "Delft Prinsenstad op 10th"]
[Site "Delft"]
[Date "2017.04.16"]
[Round "5"]
[White "Bekker, Stefan"]
[Black "Van den Doel, Erik"]
[Result "1-0"]
[WhiteElo "2310"]
[BlackElo "2566"]
[PlyCount "81"]
[EventDate "2017.04.14"]
[EventType "swiss"]
[EventRounds "6"]
[EventCountry "NED"]
[SourceTitle "CBM 177 Extra"]
[Source "ChessBase"]
[SourceDate "2017.04.27"]
[SourceVersion "1"]
[SourceVersionDate "2017.04.27"]
[SourceQuality "1"]

1. d4 d5 2. c4 dxc4 3. Nf3 a6 4. e3 Bg4 5. Bxc4 e6 6. h3 Bh5 7. Nc3 Nc6 8. Bd2 Nf6 9. g4 Bg6 10. Nh4 Bb4 11. Nxg6 hxg6 12. Qf3 Na5 13. Be2 c5 14. dxc5 Bxc5 15. 0-0-0 Qc7 16. Kb1 Nc6 17. g5 Nd7 18. h4 Be7 19. Rc1 Nde5 20. Qe4 0-0-0 21. Be1 Kb8 22. f4 Nd7 23. Na4 Rc8 24. Bf3 Qd8 25. Bg3 Qa5 26. Rhd1 Rhd8 27. f5+ Ka7 28. fxe6 f5 29. Qf4 Nde5 30. Bxc6 Nxc6 31. Rd7 Rxd7 32. exd7 Rd8 33. a3 Qd5 34. Bf2 Qd3+ 35. Ka1 Bd6 36. Qf3 Nd4 37. Rd1 Nc2+ 38. Ka2 Qc4+ 39. b3 Qe6 40. e4+ Kb8 41. Rxd6 1-0

[Event "BEL-chT 1516"]
[Site "Belgium"]
[Date "2015.11.22"]
[Round "4.2"]
[White "Capone, Nicola"]
[Black "Bekker, Stefan"]
[Result "1-0"]
[WhiteElo "2398"]
[BlackElo "2271"]
[PlyCount "64"]
[EventDate "2015.09.27"]
[EventType "team-tourn"]
[EventRounds "11"]
[EventCountry "BEL"]
[SourceTitle "EXT 2017"]
[Source "ChessBase"]
[SourceDate "2016.10.25"]
[SourceVersion "1"]
[SourceVersionDate "2016.10.25"]
[SourceQuality "1"]
[WhiteTeam "Fontaine"]
[BlackTeam "Borgerhout"]
[WhiteTeamCountry "BEL"]
[BlackTeamCountry "BEL"]

1. d4 d5 2. c4 c6 3. Nc3 Nf6 4. Nf3 e6 5. e3 Nbd7 6. Bd3 dxc4 7. Bxc4 b5 8. Bd3 Bb7 9. e4 a6 10. e5 Nd5 11. Nxd5 cxd5 12. 0-0 Be7 13. Ne1 f5 14. exf6 Bxf6 15. Qg4 e5 16. Bxh7 Qb6 17. Bf5 Bc6 18. dxe5 Nxe5 19. Qg3 Ra7 20. Nd3 Re7 21. Bg5 Qc7 22. Nxe5 Qxe5 23. Bg6+ Kd7 24. Bf4 Qxb2 25. Rac1 Re5 26. Qg4+ Kd6 27. Rc2 Qd4 28. Rd1 Qa4 29. Rdc1 Bd7 30. Rc7 b4 31. Bf5 Be8 32. Bc8 Bc6 1-0